| 000 | 00567nam a2200241 a 4500 | ||
|---|---|---|---|
| 001 | nice12345678 | ||
| 003 | IN_TiNIC | ||
| 005 | 20260116012921.0 | ||
| 008 | 050524s1985 dela grp 000 0 urd | ||
| 020 |
_a _c100 |
||
| 082 | 0 | 0 |
_a297.8 _bKHA |
| 100 | _aKhan, M Vaheeduddin | ||
| 245 | _aTableeghi Tahreek | ||
| 260 |
_aDelhi _bAr-Risala Office _c1985 |
||
| 300 | _a96p | ||
| 500 | _aincludes index and biblioraphy | ||
| 505 | 2 | _aindex | |
| 650 | _aIslam-Movements | ||
| 700 | 1 | _aKhan, M Vaheeduddin | |
| 902 | _bSRS | ||
| 942 | _cBK | ||
| 999 |
_c8883 _d8883 |
||